000 00774nam a2200241Ia 4500
003 OSt
005 20200907171844.0
008 191128t2008 uy gr 000 m spa d
020 _a9789974679092
040 0 4 _aCO-JMCR
_cCO-JMCR
041 _aspa
082 0 4 _aLM /
_bERBm
100 1 _aErbiti, Alejandra,
_eautora
_99910
245 1 0 _aMitos y leyendas del mundo /
_cAlejandra Erbiti, Ana Laura Saucedo
250 _aPrimera edición
260 _aUruguay :
_bLatinbooks International,
_c©2008
300 _a62 páginas ;
_c25 cm.
500 _aIncluye índice.
505 _aPrimero dioses y luego humanos -- El secreto de los tiempo -- Antílope intrépido
650 1 4 _aMitos y Leyendas
_96087
700 _aSaucedo, Ana Laura,
_eautora
_99911
942 _2ddc
_cBK
999 _c3452
_d3452